Количественные методы оптимизации параметров объектов стандартизации. Оптимизация перспективных требований стандартов на группы однородной продукции: методические рекомендации

Bibliografske podrobnosti
Korporativna značnica: СССР Государственный комитет по стандартам (Госстандарт)
Jezik:ruščina
Izdano: Москва, Изд-во стандартов, 1986
Teme:
Format: Knjiga
KOHA link:https://koha.lib.tpu.ru/cgi-bin/koha/opac-detail.pl?biblionumber=280519

MARC

LEADER 00000nam0a2200000 4500
001 280519
005 20231101235319.0
020 |a RU  |b 86-43158 
035 |a (RuTPU)RU\TPU\book\303828 
090 |a 280519 
100 |a 20141229d1986 km y0rusy5003 ca 
101 0 |a rus 
102 |a RU 
105 |a y l 001zy 
200 1 |a Количественные методы оптимизации параметров объектов стандартизации. Оптимизация перспективных требований стандартов на группы однородной продукции  |e методические рекомендации  |f СССР, Государственный комитет по стандартам (Госстандарт)  
210 |a Москва  |c Изд-во стандартов  |d 1986 
215 |a 113 с.  |d 22 см 
320 |a Библиогр.: с. 110-112 (55 назв.) 
606 1 |a Стандартизация  |2 stltpush  |3 (RuTPU)RU\TPU\subj\67652  |9 83373 
610 1 |a понятия 
610 1 |a положения 
610 1 |a оптимизация 
610 1 |a модификация 
610 1 |a продукция 
610 1 |a качество 
610 1 |a требования 
610 1 |a численные методы 
610 1 |a методические рекомендации 
610 1 |a применение 
675 |a 006  |z rus  |v 4 
712 0 1 |a СССР  |b Государственный комитет по стандартам (Госстандарт)  |c (1978-1989)  |2 stltpush  |3 (RuTPU)RU\TPU\col\12454 
801 0 |a RU  |b RuMRKP  |c 19960705  |g psbo 
801 1 |a RU  |b 63413507  |c 20141229 
801 2 |a RU  |b 63413507  |c 20180213  |g RCR 
942 |c BK